Регионална библиотека "Любен Каравелов" - Русе

Детето на Грузулака (Запис номер 177909)

MARC детайли
000 -Лидер
Контролно поле с фиксирана дължина 01647nam a2200421 c 4500
003 - Код на организацията, давaща контролен номер
Контролно поле BLK
005 - Дата и час на последна редакция
Контролно поле 20250712101149.0
008 - Елементи от данни с фиксирана дължина
fixed length control field 180411b bul|||||r ||||||| ||bul||
010 ## - Наследен системен номер
LC control number KNG00186606000
020 ## - Международен стандартен номер на книга ISBN
Международен стандартен номер на книга ISBN 9786191861774
040 ## - Източник на каталожния запис
Идентификатор на билиотеката - собственик на записа BLK
041 ## - Код за език
Код за езика на текст/звукозапис или на отделно заглавие Български
Код за езика КДБФ Български
072 #7 - Код за тематичната категория
Код организация bullib
Код за тематична категория Н85
Текст Детска художествена литература Н
080 ## - УДК
Текстов определител УДК Английска литература
УДК код - определител по УДК 821.111
УДК определител -93-34
УДК - код + определител 821.111-93-34
100 ## - Редна дума - Автор
R(LIN) 386662
Автор Доналдсън, Джулия
Авторска отговорност първи автор
139 ## - Редно поле
Редна дума Доналдсън, Джулия
Авторски знак Дон - Д 77
245 10 - Сведения за заглавието
Заглавие Детето на Грузулака
Редно поле (дума) текст Джулия Доналдсън; ил. Аксел Шефлър; прев. Манол Пейков.
257 ## - Страна на издаване
Страна на създаване/издаване Великобритания
260 ## - Област на издателските данни
Име на издателя, разпространителя и проч. Жанет 45
Година на издаване 2015
Печатница отпеч. в Китай
Място на издаване, разпространение и проч. Пловдив
300 ## - Физическа характеристика
Страници 32 с.
Илюстрации и др. с цв. ил.
Размери/Мащаб 28 см
380 ## - Жанр
Жанр Детска худож. лит.
500 ## - Общи забележки
Забележка Ориг. загл. The Gruffalo's Child / Julia Donaldson and Axel Scheffler.
653 ## - Ключова дума – ненормативна
Ключова дума приказки
653 ## - Ключова дума – ненормативна
Ключова дума литература за деца
653 ## - Ключова дума – ненормативна
Ключова дума детска литература
659 ## - Тематичен бюлетин
Тематичен бюлетин Н
700 1# - Други автори (авторска отговорност)
Лично име Доналдсън, Джулия
Автороска отговорност (Описва отношението между автора и произведението) текст
9 (RLIN) 336407
700 1# - Други автори (авторска отговорност)
Лично име Шефлър, Аксел
Автороска отговорност (Описва отношението между автора и произведението) ил.
9 (RLIN) 143299
700 1# - Други автори (авторска отговорност)
Лично име Пейков, Манол Костадинов
Автороска отговорност (Описва отношението между автора и произведението) прев.
9 (RLIN) 382564
852 ## - Местоположение
Форматна сигнатура Цб ІІ 20379
856 4# - Електронен адрес и достъп
Електронен формат pdf - файл
856 4# - Електронен адрес и достъп
Електронен формат pdf - файл
999 ## - СИСТЕМНИ КОНТРОЛНИ НОМЕРА
Koha biblionumber 177909
Koha biblioitemnumber 177909
942 ## - АРТИКУЛИ
Вид на библиотечния материал Книги
Скрит в OPAC Не
Koha issues (borrowed), all copies 107
Периодичен библиозапис Да
944 ## - СЪЗДАВАНЕ И РЕДАКЦИЯ на ЗАПИСА
Създаване/Редакция Създаване
Дата на регистрацията/редакция 19.02.2016
Статус, дата на статуса Ренета Константинова
Служител, извършил регистрацията/редакцията 30546
944 ## - СЪЗДАВАНЕ И РЕДАКЦИЯ на ЗАПИСА
Създаване/Редакция Редакция
Дата на регистрацията/редакция 04.03.2018
Статус, дата на статуса ф /
Служител, извършил регистрацията/редакцията Виолета_Тройчева
999 ## - СИСТЕМНИ КОНТРОЛНИ НОМЕРА
Koha biblioitemnumber 177909
999 ## - СИСТЕМНИ КОНТРОЛНИ НОМЕРА
Koha biblioitemnumber 177909
Наличности
Код за отписване Код за изгубен артикул Източник на класификационната схема Код за повреда Коз за рестрикции Код за отдаване Артикулен № Име на библиотеката - собственик Име на библиотеката, в която се намира в момента Статус (Текущо местоположение) Дата на вписване в системата Местоположение - отдел Цена в лева Инвентарен номер Систематично азбучна сигнатура Баркод Номер на екземпляра Цена в евро Служебна бележка Служебен тип на артикула
  Не е изгубен Universal Decimal Classification Не е повреден без рестрикции заемане за дома 305653 Регионална библиотека "Любен Каравелов" Русе Регионална библиотека "Любен Каравелов" Русе Детски отдел 2016-02-19 Детски отдел 14.00 120000798108 ДХ 820/899/Д 77 120000798108 1 7.16 Дост: Pk Вид: Ф N: 456 Дата: 19.02.2016 Книги
  Не е изгубен   Не е повреден без рестрикции ползва се в читалня 305654 Регионална библиотека "Любен Каравелов" Русе Регионална библиотека "Любен Каравелов" Русе Хранилище 2016-10-13 Хранилище 14.00 120000804583 Цб ІІ 20379 120000804583 2 7.16 Дост: Dp Вид: Д N: 36 Дата: 15.08.2016 Книги
  Не е изгубен Universal Decimal Classification Не е повреден без рестрикции заемане за дома 799560 Регионална библиотека "Любен Каравелов" Русе Регионална библиотека "Любен Каравелов" Русе Детски отдел 2020-09-17 Детски отдел 10.50   821-93/А 77 Д 120000847003   5.37   Книги
  Не е изгубен Universal Decimal Classification Не е повреден без рестрикции заемане за дома 799561 Регионална библиотека "Любен Каравелов" Русе Регионална библиотека "Любен Каравелов" Русе Детски отдел 2020-09-17 Детски отдел 10.50   821-93/А 77 Д 120000847002   5.37   Книги
Vip Innovations Ltd, Rousse, Bulgaria 2025